000 01033nam a2200265 a 4500
001 1237112
003 AM-YEHGA
005 20260129154211.0
008 180115s1926 ru |||||||||||||0|0|rus|d
040 _aAM-YeHGA
041 1 _arus
100 1 _aАрну, Артур
245 1 0 _aИстория инквизиции /
_cАртюр Арну ; Предисл. и ред. проф. Е.В.Тарле ; Пер. Н.П. Мартыновой и Е.В. Голубова.
246 1 3 _aHistoire de l'Inquisition
260 _aЛенинград :
_bВремя,
_c1926.
300 _a216 с. ;
_c19 см.
650 1 4 _aՀամաշխարհային պատմություն
_95843
650 1 4 _aИстория Испании
650 1 4 _aИспания
_xИстория
700 1 _aТарле, Евгений Викторович
_eавт. предисл., ред.
_4aui
_4edt
700 1 _aМартынова, Н.П.
_eпер.
_4trl
700 1 _aГолубов, Е.В.
_eпер.
_4trl
942 _2udc
_cBK
090 _c570711
999 _c531854
_d531854